02361nam a22003377i 4500003000900000005001700009008004100026020002200067040003300089072000800122100006000130245023100190264009200421300004100513336002700554337002900581338003800610347003100648490001900679505086200698506001601560650004701576650003201623650003401655650003201689700006001721700006901781856014001850942001601990999001702006Do-SdINT20250520110437.0040225s2024 sp s |||| 0|spa d a978-84-09-68305-5 aDO-SdINTerdabspacDO-SdINT aCSH1 aGairín Sallán, Joaquín4coord.99377ecoordinador10aLas últimas reformas educativas no universitarias :bfundamentos, aplicación y resultados : Red AGE : Red de Apoyo a la Gestión Educativa /cJoaquín Gairín Sallán y María Verónica Leiva-Guerrero (coordinadores) aEspaña :bEDO : Universidad Autónoma de Barceloa : Editorial Latinoamericana,c2024 a1 recurso en línea (212 páginas) atextobtxt2rdacontent acomputadorabc2rdamedia arecurso en líneabc2rdacarrier aarchivo de textobPDF2rda aInformes ;v16 aIntroducción 8 -- Capítulo 1. Las últimas reformas educativas no universitarias de Bolivia 11 -- Capítulo 2. Las últimas reformas educativas no universitarias de Brasil 34 -- Capítulo 3. Las últimas reformas educativas no universitarias de Chile 57 -- Capítulo 4. Las últimas reformas educativas no universitarias de Colombia 76 --Capítulo 5. Las últimas reformas educativas no universitarias de Costa Rica 95 -- Capítulo 6. Las últimas reformas educativas no universitarias de España 111 -- Capítulo 7. Las últimas reformas educativas no universitarias de México 135 -- Capítulo 8. Las últimas reformas educativas no universitarias de Panamá 159 -- Capítulo 9. Las últimas reformas educativas no universitarias de Portugal 179 -- Capítulo 10. Las últimas reformas educativas no universitarias de Uruguay 1910 aOpen Access 7aReforma educativa937429zAmérica Latina 7aEducación primaria932221 7aEducación secundaria932226 7aPolítica educativa9367551 aGairín Sallán, Joaquín4coord.99377ecoordinador aLeiva-Guerrero, María Verónica 4coord.9109413ecoordinador yAcceso a Texto Completouhttps://opacbiblioteca.intec.edu.do/opac-tmpl/files/recursoselectronicos/SerieInformes16Onlinecompressed21.pdf cE-BOOK2ddc c13436d13436